| 000 | 01444cam a2200397 a 4500 | ||
|---|---|---|---|
| 001 | 2001 | ||
| 003 | FISKH | ||
| 005 | 20250828130427.0 | ||
| 008 | 940923s1994 nyua j 000 0 eng d | ||
| 010 | _a 94233656 | ||
| 020 | _a0590484567 (pbk.) : | ||
| 020 | _a9780590484565 | ||
| 040 |
_aCoNgSD _cCoNgSD _dDLC _beng |
||
| 042 |
_alccopycat _alcac |
||
| 050 | 0 | 0 |
_aSB363.35 _b.H87 1994 |
| 082 | 0 | 0 |
_a634/.115 _220 |
| 100 | 1 | _aHutchings, Amy. | |
| 245 | 1 | 0 |
_aPicking apples & pumpkins / _cby Amy and Richard Hutchings ; photographs by Richard Hutchings. |
| 260 |
_aNew York : _bScholastic, _c1994. |
||
| 300 |
_a32 unnumbered pages: _bcolor illustrations ; _c21 cm |
||
| 440 | 0 | _aRead with me paperbacks | |
| 505 | _aN | ||
| 520 | _aSpend the day with Kristy, her family, and two best friends as they pick apples and pumpkins at Battleview Orchards in New Jersey. | ||
| 521 | 8 |
_a580
_bLexile AD |
|
| 521 | 8 |
_aN
_bRaz-Plus |
|
| 650 | 0 |
_aApples _xHarvesting _xJuvenile literature. |
|
| 650 | 0 |
_aPumpkin _xHarvesting _xJuvenile literature. |
|
| 650 | 0 |
_aPick-your-own farms _xJuvenile literature. |
|
| 650 | 1 | _aApples. | |
| 650 | 1 | _aPumpkins. | |
| 650 | 1 | _aPick-your-own farms. | |
| 740 | 0 | _aPicking apples and pumpkins. | |
| 906 |
_a7 _bcbc _ccopycat _d3 _encip _f19 _gy-gencatlg |
||
| 942 |
_2ddc _cBK _n0 |
||
| 999 |
_c2001 _d2001 |
||